Szabadidőmozgalom [szabadidő mozgalom] Franciaországban

Elmentve itt :
Bibliográfiai részletek
Szerző: Czakó István
Dokumentumtípus: Cikk
Megjelent: 1939
Sorozat:Magyar lélek : a magyar népművelők országos folyóirata 1 No. 2
Kulcsszavak:Néprajztudomány
Online Access:http://misc.bibl.u-szeged.hu/1754
LEADER 00625nab a2200169 i 4500
001 misc1754
005 20191106142013.0
008 170607s1939 hu o 0|| hun d
040 |a SZTE Miscellanea Repozitórium  |b hun 
041 |a hun 
100 1 |a Czakó István 
245 1 0 |a Szabadidőmozgalom [szabadidő mozgalom] Franciaországban  |h [elektronikus dokumentum] /  |c  Czakó István 
260 |c 1939 
300 |a 127-131 
490 0 |a Magyar lélek : a magyar népművelők országos folyóirata  |v 1 No. 2 
695 |a Néprajztudomány 
856 4 0 |u http://misc.bibl.u-szeged.hu/1754/1/magyar_lelek_001_002_127-131.pdf  |z Dokumentum-elérés